000 00455nam a22001577a 4500
005 20251108163348.0
008 250721s1985 xx 000 0 ara d
082 1 4 _a001.64/عبد
100 1 _aهيكل، عبد العزيز فهمي
245 1 0 _aالكمبيوتر و إدارة الأعمال /
264 1 _aبيروت :
_bدار الراتب،
_c1985.
300 _a297ص. مصور
650 1 7 _aالحواسيب
942 _2ddc
_cBK
999 _c754
_d754